Palacio Municipal para el cantón de Montes de Oca
সংরক্ষণ করুন:
| প্রধান লেখক: | |
|---|---|
| অন্যান্য লেখক: | |
| বিন্যাস: | অজ্ঞাত |
| ভাষা: | Spanish |
| প্রকাশিত: |
[San José,Costa Rica],
2013
|
| বিষয়গুলি: | |
| অনলাইন ব্যবহার করুন: | https://cedi.ucr.ac.cr/arquitectura/palacio-municipal-para-el-canton-de-montes-de-oca/ |
| ট্যাগগুলো: |
ট্যাগ যুক্ত করুন
কোনো ট্যাগ নেই, প্রথমজন হিসাবে ট্যাগ করুন!
|
MARC
| LEADER | 00000 a2200000 4500 | ||
|---|---|---|---|
| 003 | EA0042 | ||
| 005 | 20230704145349.0 | ||
| 008 | 140114s2013 cr a 000|||spa d | ||
| 040 | |c cru CEDI | ||
| 090 | |a TFG EA-042 | ||
| 100 | |a Rivas Li, Franklin |9 19995 | ||
| 245 | |a Palacio Municipal para el cantón de Montes de Oca | ||
| 260 | |a [San José,Costa Rica], |c 2013 | ||
| 500 | |a Proyecto de graduación (licenciatura en arquitectura)--Universidad de Costa Rica. Facultad de Ingeniería. Escuela de Arquitectura | ||
| 501 | |a Director del proyecto: Arq. Alvaro Berrenechea Troyo | ||
| 650 | |x MUNICIPALIDAD DE MONTES DE OCA (SAN JOSE, COSTA RICA) |x EDIFICIOS MUNICIPALES - DISEÑO - MONTES DE OCA (SAN JOSE, COSTA RICA) |x DISEÑO ARQUITECTONICO |x ARQUITECTURA - DISEÑOS Y PLANOS |9 19997 | ||
| 700 | |9 89 |a Barrenechea Troyo, Alvaro |d Director del TFG | ||
| 856 | |u https://cedi.ucr.ac.cr/arquitectura/palacio-municipal-para-el-canton-de-montes-de-oca/ |y https://cedi.ucr.ac.cr/arquitectura/palacio-municipal-para-el-canton-de-montes-de-oca/ | ||
| 942 | |c CEDI |2 ddc | ||
| 999 | |c 12769 |d 12769 | ||
